000 00443nam a2200181Ia 4500
001 4340
005 20260306145748.0
008 260306t2014||||xx |||||||||||||| ||spa||
041 _aESP
082 _a320.98
_bR86
100 _aRouquié, Alain
_eAUT
245 0 _aAmérica Latina:
_bintroducción al extremo occidente
260 _c2014
300 _a431 páginas :
_c21 cm.
650 _aGEN
654 _aCDE
942 _cLIB
_dJUS
_fJUS
_2ddc
_n
999 _c4340
_d4340